00474nam a2200169Ia 450000500170000000800410001702000180005804100120007608200150008810000080010324500700011125000120018126000490019330000080024265000300025065000240028020260429112209.0260429s9999||||xx |||||||||||||| ||und|| a9789369149667 aEnglish a625.1bGKP aGKP 0aRRB assistant loco pilot and technician : bphase I (CBT) / cGKP a1st ed. aHaryana : bG K Publications (P) Ltd,c2025. apbk a Competitive examinations aRailway recruitment